[Event "Oberliga Wuerttemberg 1112"]
[Site "Wuerttemberg"]
[Date "2012.02.26"]
[Round "7.6"]
[White "Krockenberger, Martin"]
[Black "Pogan, Sebastian"]
[Result "1-0"]
[WhiteElo "2193"]
[BlackElo "1942"]
[PlyCount "99"]
[EventDate "2011.10.09"]
[EventType "team-tourn"]
[EventRounds "9"]
[EventCountry "GER"]
[SourceTitle "EXT 2019"]
[Source "ChessBase"]
[SourceDate "2018.10.10"]
[SourceVersion "1"]
[SourceVersionDate "2018.10.10"]
[SourceQuality "1"]
[WhiteTeam "Schmiden Cannstatt"]
[BlackTeam "Willsbach"]
[WhiteTeamCountry "GER"]
[BlackTeamCountry "GER"]

1. c4 c5 2. g3 Nc6 3. Bg2 g6 4. Nc3 Bg7 5. Nf3 d6 6. 0-0 Nh6 7. a3 0-0 8. Rb1 a5 9. d3 f5 10. Bd2 Kh8 11. Ne1 e5 12. f4 Bd7 13. Nc2 Rb8 14. Kh1 Qe8 15. Ne3 exf4 16. gxf4 b6 17. Ned5 Ne7 18. b4 axb4 19. axb4 Nxd5 20. Nxd5 b5 21. bxc5 bxc4 22. Rxb8 Qxb8 23. dxc4 dxc5 24. Bc3 Bxc3 25. Nxc3 Be6 26. Nd5 Qb2 27. Qa1 Rb8 28. Qa7 Bxd5 29. Bxd5 Qb6 30. Qe7 Ng4 31. Bf3 Nf6 32. Ra1 Re8 33. Ra8 Rxa8 34. Bxa8 Ng8 35. Qe8 Qf6 36. Bd5 Qg7 37. Bxg8 Qxg8 38. Qe5+ Qg7 39. Qxc5 h6 40. Qe5 Qxe5 41. fxe5 Kg7 42. c5 Kf7 43. c6 Ke7 44. Kg2 g5 45. Kf3 h5 46. Ke3 h4 47. Kd4 g4 48. Ke3 Ke6 49. Kf4 Ke7 50. e3 1-0

[Event "Oberliga Wuerttemberg 1112"]
[Site "Wuerttemberg"]
[Date "2012.02.05"]
[Round "6.6"]
[White "Pogan, Sebastian"]
[Black "Wohlfahrt, Rainer"]
[Result "0-1"]
[WhiteElo "1942"]
[BlackElo "2137"]
[PlyCount "62"]
[EventDate "2011.10.09"]
[EventType "team-tourn"]
[EventRounds "9"]
[EventCountry "GER"]
[SourceTitle "EXT 2019"]
[Source "ChessBase"]
[SourceDate "2018.10.10"]
[SourceVersion "1"]
[SourceVersionDate "2018.10.10"]
[SourceQuality "1"]
[WhiteTeam "Willsbach"]
[BlackTeam "Biberach"]
[WhiteTeamCountry "GER"]
[BlackTeamCountry "GER"]

1. d4 Nf6 2. c4 g6 3. Nc3 Bg7 4. e4 d6 5. Bd3 0-0 6. Nge2 c6 7. 0-0 a6 8. a4 a5 9. f3 Na6 10. Be3 e5 11. d5 Ne8 12. Qd2 Nb4 13. Bb1 f5 14. Na2 f4 15. Bf2 c5 16. Nxb4 axb4 17. Bd3 g5 18. g4 Nf6 19. h3 h5 20. Kh2 Qd7 21. Rg1 hxg4 22. hxg4 Rxa4 23. Rxa4 Qxa4 24. Kg2 Nxg4 25. fxg4 f3+ 26. Kg3 fxe2 27. Qxg5 Qd1 28. Qe3 e1Q 29. Rxe1 Qxg4+ 30. Kh2 Rf3 31. Kh1 Rh3+ 0-1

[Event "Oberliga Wuerttemberg 1112"]
[Site "Wuerttemberg"]
[Date "2011.11.13"]
[Round "3.7"]
[White "Pogan, Sebastian"]
[Black "Reichert, Matthias"]
[Result "0-1"]
[WhiteElo "1942"]
[BlackElo "2056"]
[PlyCount "98"]
[EventDate "2011.10.09"]
[EventType "team-tourn"]
[EventRounds "9"]
[EventCountry "GER"]
[SourceTitle "EXT 2019"]
[Source "ChessBase"]
[SourceDate "2018.10.10"]
[SourceVersion "1"]
[SourceVersionDate "2018.10.10"]
[SourceQuality "1"]
[WhiteTeam "Willsbach"]
[BlackTeam "Schwaebisch Gmuend"]
[WhiteTeamCountry "GER"]
[BlackTeamCountry "GER"]

1. d4 Nf6 2. c4 g6 3. Nc3 Bg7 4. e4 d6 5. Bd3 e5 6. d5 0-0 7. Nge2 a5 8. 0-0 Na6 9. f4 exf4 10. Bxf4 Ng4 11. b3 Ne5 12. Bc2 Bd7 13. Rc1 Qb8 14. Kh1 Nc5 15. Bb1 a4 16. Nd4 axb3 17. axb3 Bg4 18. Nce2 Ra3 19. Rc3 Ra1 20. Qc2 Qa7 21. Rg3 Bd7 22. Bc1 Ra8 23. Bb2 Ra6 24. h3 Re8 25. Qd2 Qb6 26. Nf4 Na4 27. Ba1 Nc5 28. Bc2 Ra2 29. Nh5 Nxe4 30. Qf4 Nxg3+ 31. Nxg3 Qa5 32. Nc6 bxc6 33. Bxe5 dxe5 34. Qxf7+ Kh8 35. Qxd7 Qa8 36. Nh5 gxh5 37. Qf5 Rxc2 38. Qxc2 cxd5 39. cxd5 Qd8 40. Qc6 e4 41. Rf7 e3 42. Rf1 e2 43. Re1 Qe7 44. b4 Rf8 45. Qc1 Rf2 46. Qc4 Qg5 47. Qe4 Rf1+ 48. Kh2 Be5+ 49. Qxe5+ Qxe5+ 0-1

[Event "Wuerttemberg-ch Cand"]
[Site "Lindau"]
[Date "2009.08.30"]
[Round "2"]
[White "Kreuzahler, Marc"]
[Black "Pogan, Sebastian"]
[Result "1/2-1/2"]
[WhiteElo "2131"]
[BlackElo "1906"]
[PlyCount "66"]
[EventDate "2009.08.29"]
[EventType "swiss"]
[EventRounds "9"]
[EventCountry "GER"]
[SourceTitle "EXT 2023"]
[Source "ChessBase"]
[SourceDate "2022.10.05"]
[SourceVersion "1"]
[SourceVersionDate "2022.10.05"]
[SourceQuality "1"]

1. Nc3 c5 2. f4 Nc6 3. Nf3 g6 4. e4 d6 5. Bb5 e6 6. d4 Bd7 7. Be3 b6 8. d5 exd5 9. exd5 Nce7 10. Qe2 Bxb5 11. Qxb5+ Qd7 12. 0-0-0 Nf6 13. Rhe1 Bg7 14. Ng5 h6 15. Qxd7+ Kxd7 16. Nf3 a6 17. Bf2 Ng4 18. Bh4 Nf5 19. h3 Nge3 20. Rd2 Bxc3 21. bxc3 Nxh4 22. Nxh4 Nc4 23. Rde2 Rhe8 24. g4 Rxe2 25. Rxe2 Re8 26. Rxe8 Kxe8 27. Ng2 b5 28. Kd1 a5 29. Ke2 a4 30. Ne3 Nxe3 31. Kxe3 f6 32. c4 b4 33. Kd2 g5 1/2-1/2

[Event "GER-chT U16"]
[Site "Uelzen"]
[Date "2007.12.28"]
[Round "4.4"]
[White "Grimm, Christian"]
[Black "Pogan, Sebastian"]
[Result "0-1"]
[WhiteElo "1531"]
[BlackElo "1869"]
[PlyCount "78"]
[EventDate "2007.12.27"]
[EventType "team-swiss"]
[EventRounds "7"]
[EventCountry "GER"]
[SourceTitle "EXT 2022"]
[Source "ChessBase"]
[SourceDate "2021.10.06"]
[SourceVersion "1"]
[SourceVersionDate "2021.10.06"]
[SourceQuality "1"]
[WhiteTeam "Limburgerhof U16"]
[BlackTeam "Heilbronn U16"]
[WhiteTeamCountry "GER"]
[BlackTeamCountry "GER"]

1. e4 c5 2. Nf3 d6 3. d4 cxd4 4. Nxd4 Nf6 5. Nc3 g6 6. Bc4 Bg7 7. Be3 0-0 8. f3 Nc6 9. Qd2 Bd7 10. h4 h5 11. Nde2 Rc8 12. Bb3 Ne5 13. Bh6 Nc4 14. Bxc4 Rxc4 15. 0-0-0 Qa5 16. Kb1 Rc5 17. g4 hxg4 18. Bxg7 Kxg7 19. Nf4 Rxc3 20. Qxc3 Qxc3 21. bxc3 gxf3 22. Rhf1 Nxe4 23. Rd3 Bb5 24. Rfxf3 Bxd3 25. Rxd3 Rh8 26. Ng2 f5 27. Kb2 Kf6 28. Rd4 e5 29. Rd1 Ke6 30. Kb3 g5 31. hxg5 Nxg5 32. Ne3 f4 33. Ng4 Kf5 34. Nf2 Ne4 35. Nxe4 Kxe4 36. Rxd6 Rf8 37. Rd1 f3 38. Kc4 f2 39. Rf1 Rc8+ 0-1

[Event "Wuerttemberg-ch U14"]
[Site "Friedrichshafen"]
[Date "2005.03.30"]
[Round "4"]
[White "Pogan, Nikolas"]
[Black "Pogan, Sebastian"]
[Result "1-0"]
[WhiteElo "1572"]
[BlackElo "1470"]
[PlyCount "81"]
[EventDate "2005.03.29"]
[EventType "swiss"]
[EventRounds "7"]
[EventCountry "GER"]
[SourceTitle "EXT 2007"]
[Source "ChessBase"]
[SourceDate "2006.11.23"]
[SourceVersion "1"]
[SourceVersionDate "2006.11.23"]
[SourceQuality "1"]

1. e4 c5 2. Nf3 e6 3. d4 cxd4 4. Nxd4 g6 5. Be3 Bg7 6. c4 Ne7 7. Nc3 0-0 8. Be2 a6 9. 0-0 Nbc6 10. Qd2 Qc7 11. Rfd1 Rb8 12. Rab1 Rd8 13. Bf4 e5 14. Nxc6 Nxc6 15. Bg5 f6 16. Nd5 Qa5 17. Nxf6+ Bxf6 18. Bxf6 Qxd2 19. Rxd2 Re8 20. Bg5 Nd4 21. Bf1 d6 22. Be3 b5 23. Bxd4 exd4 24. Rxd4 bxc4 25. Bxc4+ Be6 26. Bxe6+ Rxe6 27. f3 Rb5 28. b4 a5 29. a4 Rbe5 30. b5 d5 31. exd5 Rb6 32. d6 Re8 33. d7 Rd8 34. Rc1 Kf7 35. Rc6 Rb7 36. Rcd6 Ke7 37. Kf2 Rbb8 38. f4 Rf8 39. d8Q+ Rbxd8 40. Rxd8 Rxd8 41. Rxd8 1-0

[Event "Wuerttemberg-ch U14"]
[Site "Friedrichshafen"]
[Date "2005.03.30"]
[Round "3"]
[White "Pogan, Sebastian"]
[Black "Jannes, Alexander"]
[Result "1/2-1/2"]
[WhiteElo "1470"]
[BlackElo "1575"]
[PlyCount "115"]
[EventDate "2005.03.29"]
[EventType "swiss"]
[EventRounds "7"]
[EventCountry "GER"]
[SourceTitle "EXT 2007"]
[Source "ChessBase"]
[SourceDate "2006.11.23"]
[SourceVersion "1"]
[SourceVersionDate "2006.11.23"]
[SourceQuality "1"]

1. c4 c6 2. Nc3 d5 3. cxd5 cxd5 4. g3 d4 5. Qa4+ Nc6 6. Ne4 e5 7. d3 Bb4+ 8. Bd2 Bxd2+ 9. Nxd2 Nge7 10. Bg2 Be6 11. Ngf3 0-0 12. 0-0 Rc8 13. Qb5 Qb6 14. a4 Ng6 15. Ne4 Nb8 16. Qxb6 axb6 17. Rfc1 Na6 18. Nfd2 Rb8 19. Nd6 Bc8 20. Nxc8 Rfxc8 21. Rxc8+ Rxc8 22. Bxb7 Rc2 23. Nc4 Nc5 24. Bf3 e4 25. Bxe4 Nxe4 26. Na3 Rxb2 27. dxe4 Rxe2 28. Nc4 Rxe4 29. Nxb6 d3 30. Rd1 Ne5 31. f4 d2 32. Kf2 Nd3+ 33. Kf3 Rb4 34. Rxd2 Rxb6 35. Rxd3 Rb8 36. a5 g6 37. a6 Ra8 38. Rd6 Kf8 39. Kg4 Kg7 40. Kh4 h6 41. g4 Kh7 42. f5 gxf5 43. gxf5 Kg7 44. Kh5 Ra7 45. h3 Ra8 46. h4 Ra7 47. Rb6 Ra8 48. f6+ Kh7 49. Rb7 Rxa6 50. Rxf7+ Kg8 51. Kg6 Ra1 52. Rg7+ Kf8 53. Kxh6 Rf1 54. Kg6 Rg1+ 55. Kh7 Rf1 56. h5 Rxf6 57. h6 Rf2 58. Kh8 1/2-1/2